000 00671nam a2200229Ia 4500
003 OSt
005 20221006164409.0
006 a|||||r|||| 00| 0
007 ta
008 221006b |||||||| |||| 00| 0 eng d
024 _a2,825
037 _cAnnuals, Advances
040 _aFML
_cFML
_beng
041 _2eng
_aeng
082 _aNT441, P1
100 _aSeizer Susan Au.
_9677371
245 0 _aStigmas of the Tanil Stage
_b An Ethnography of Special Drana Artists in South India
260 _aKolkata
_bSeagull Books
_c2007
300 _a439
_ccm.
942 _hNT441, P1
_cREF
_2CC
999 _c1117124
_d1117124